| Tag |
First Indicator |
Second Indicator |
Subfields |
| LEADER |
00000pam a2200000 a 4500 |
| 001 |
in00002348430 |
| 005 |
20151108071349.0 |
| 008 |
070220s2007 enk b 001 0 eng |
| 015 |
|
|
|a GBA715958
|2 bnb
|
| 016 |
7 |
|
|a 013683117
|2 Uk
|
| 020 |
|
|
|a 9780230018969 (hbk.)
|
| 020 |
|
|
|a 0230018963 (hbk.)
|
| 035 |
|
|
|a (OCoLC)ocm85689598
|
| 035 |
|
|
|a (OCoLC)85689598
|
| 040 |
|
|
|a UKM
|c UKM
|d BAKER
|d BTCTA
|d YDXCP
|d BWKUK
|d UtOrBLW
|
| 042 |
|
|
|a ukblcatcopy
|
| 049 |
|
|
|a TXAM
|
| 050 |
|
4 |
|a B3305.M74
|b S3813 2007
|
| 082 |
0 |
4 |
|a 335.43
|2 22
|
| 100 |
1 |
|
|a Screpanti, Ernesto,
|d 1948-
|
| 245 |
1 |
0 |
|a Libertarian communism :
|b Marx, Engels and the political economy of freedom /
|c Ernesto Screpanti.
|
| 264 |
|
1 |
|a Basingstoke :
|b Palgrave Macmillan,
|c 2007.
|
| 300 |
|
|
|a xviii, 205 pages ;
|c 23 cm.
|
| 336 |
|
|
|a text
|b txt
|2 rdacontent
|
| 337 |
|
|
|a unmediated
|b n
|2 rdamedia
|
| 338 |
|
|
|a volume
|b nc
|2 rdacarrier
|
| 504 |
|
|
|a Includes bibliographical references and indexes.
|
| 650 |
|
0 |
|a Communism.
|
| 938 |
|
|
|a Baker & Taylor
|b BKTY
|c 90.00
|d 90.00
|i 0230018963
|n 0007155710
|s active
|
| 938 |
|
|
|a Baker and Taylor
|b BTCP
|n BK0007155710
|
| 938 |
|
|
|a YBP Library Services
|b YANK
|n 2541507
|
| 945 |
|
|
|a PromptCat
|b 322486
|
| 946 |
|
|
|a stk
|
| 947 |
|
|
|a A14836566405
|
| 994 |
|
|
|a 92
|b TXA
|
| 948 |
|
|
|a cataloged
|b h
|c 2008/1/31
|d c
|e asalazar
|f 4:26:09 pm
|
| 999 |
|
|
|a MARS
|
| 999 |
f |
f |
|s 8f1405a5-17a6-3eab-b73a-39d93932e03c
|i 650716fa-ff7b-3de0-904f-e341bf9228d6
|t 0
|
| 952 |
f |
f |
|p ric
|a Texas A&M University
|b Rellis Campus
|c Joint Library Facility
|d Remote Storage
|t 0
|e B3305.M74 S3813 2007
|h Library of Congress classification
|i unmediated -- volume
|m A14836566405
|
| 998 |
f |
f |
|a B3305.M74 S3813 2007
|t 0
|l Remote Storage
|